| 000 | 00850nam a2200193Ia 4500 | ||
|---|---|---|---|
| 001 | 8656 | ||
| 003 | GE_BSU | ||
| 008 | 181216s||||||||xx |||||||||||||| ||und|| | ||
| 040 | _cGE_BSU | ||
| 245 | _aეკონომიკა 11-12. 2013 | ||
| 245 | _bყოველთვიური საერთაშორისო რეცენზირებადი და რეფერირებადი სამეცნიერო ჟურნალი. | ||
| 245 | _cმთ.რედ:რ.შენგელია. | ||
| 260 | _c2013 | ||
| 300 | _a205გვ;20სმ. | ||
| 520 | _aმეცნიერება,პრაქტიკა,გამოცდილება.ჟურნალი გამოდის 1918წლიდან. | ||
| 653 | _aეკონომიკა. | ||
| 653 | _aპერიოდიკა | ||
| 942 | _cCR | ||
| 999 |
_c41972 _d41972 |
||